| 000 | 00354nam a22001457a 4500 | ||
|---|---|---|---|
| 020 | _qHB. | ||
| 040 | _cFIZZA ISHAQ | ||
| 082 |
_a178 _bDAV |
||
| 100 |
_aGROENFELDT,DAVID. _989141 |
||
| 245 |
_aWATER ETHICS VALUE APPROACH FOR SOLVING / _cDAVID,GROENFELDT. |
||
| 250 | _a1st ED. | ||
| 260 |
_aNEW YORK ; _c2013 |
||
| 300 | _a216 .P ; | ||
| 942 |
_2ddc _cBK |
||
| 999 |
_c587961 _d587961 |
||